Ethics and anti-corruption commission (Record no. 16295)
[ view plain ]
| 000 -LEADER | |
|---|---|
| fixed length control field | 00487nam a22001337a 4500 |
| 008 - FIXED-LENGTH DATA ELEMENTS--GENERAL INFORMATION | |
| fixed length control field | 170202b xxu||||| |||| 00| 0 eng d |
| 040 ## - CATALOGING SOURCE | |
| Original cataloging agency | KABU |
| Transcribing agency | KABU |
| 050 ## - LIBRARY OF CONGRESS CALL NUMBER | |
| Classification number | JQ2947 |
| Item number | .A56C6K46 2016 C.5 |
| 100 ## - MAIN ENTRY--PERSONAL NAME | |
| Personal name | Aclarb, Halakhe Waqo |
| 245 ## - TITLE STATEMENT | |
| Title | Ethics and anti-corruption commission |
| Remainder of title | national ethics and corruption survey, 2015 report |
| Statement of responsibility, etc. | by Halakhe waqo Aclarb |
| 260 ## - PUBLICATION, DISTRIBUTION, ETC. (IMPRINT) | |
| Place of publication, distribution, etc. | Nairobi |
| Date of publication, distribution, etc. | 2016 |
| 300 ## - PHYSICAL DESCRIPTION | |
| Extent | xvi, 81 p. |
| 942 ## - ADDED ENTRY ELEMENTS (KOHA) | |
| Source of classification or shelving scheme | Library of Congress Classification |
| Koha item type | General Collection |
| Classification part | JQ2947 .A56C6K46 2016 C.5 |
| Withdrawn status | Lost status | Source of classification or shelving scheme | Not for loan | Home library | Current library | Date acquired | Total Checkouts | Full call number | Barcode | Date last seen | Copy number | Price effective from | Koha item type | Shelving location |
|---|---|---|---|---|---|---|---|---|---|---|---|---|---|---|
| Library of Congress Classification | Kabarak, Main Campus | Kabarak, Main Campus | 02/02/2017 | JQ2947 .A56C6K46 2016 C.5 | 027148 | 02/02/2017 | C.5 | 02/02/2017 | General Collection | |||||
| Library of Congress Classification | Kabarak, Main Campus | Kabarak, Main Campus | 02/02/2017 | JQ2947 .A56C6K46 2016 C.4 | 027147 | 02/02/2017 | C.4 | 02/02/2017 | General Collection | General Stacks | ||||
| Library of Congress Classification | Kabarak, Main Campus | Kabarak, Main Campus | 02/02/2017 | JQ2947 .A56C6K46 2016 C.3 | 027146 | 02/02/2017 | C.3 | 02/02/2017 | General Collection | General Stacks | ||||
| Library of Congress Classification | Kabarak, Main Campus | Kabarak, Main Campus | 02/02/2017 | JQ2947 .A56C6K46 2016 C.2 | 027145 | 02/02/2017 | C.2 | 02/02/2017 | General Collection | General Stacks | ||||
| Library of Congress Classification | Kabarak, Main Campus | Kabarak, Main Campus | 02/02/2017 | JQ2947 .A56C6K46 2016 C.1 | 027144 | 02/02/2017 | C.1 | 02/02/2017 | General Collection | General Stacks |